FIFA World Cup Golden Boot Winners - Statistics

General Stats
  • This quiz has been taken 254 times
    204 since last reset
  • The average score is 14 of 28
Answer Stats
Hint Country Answer # % Correct
2018 England Harry Kane 6
99%
2022 France Kylian Mbappé 8
99%
2002 Brazil Ronaldo 8
98%
1970 West Germany Gerd Müller 10
96%
2014 Colombia James Rodríguez 6
96%
2010 Germany Thomas Müller 5
96%
2006 Germany Miroslav Klose 5
93%
1966 Portugal Eusébio 9
78%
1998 Croatia Davor Šuker 6
73%
1994 Bulgaria Hristo Stoichkov 6
71%
1986 England Gary Lineker 6
63%
1962 Brazil Garrincha 4
54%
1982 Italy Paolo Rossi 6
54%
1958 France Just Fontaine 13
51%
1978 Argentina Mario Kempes 6
49%
1990 Italy Salvatore Schillaci 6
38%
1974 Poland Grzegorz Lato 7
31%
1954 Hungary Sándor Kocsis 11
28%
1994 Russia Oleg Salenko 6
25%
1962 Brazil Vavá 4
25%
1938 Brazil Leônidas 7
21%
1962 Hungary Flórián Albert 4
19%
1930 Argentina Guillermo Stábile 8
17%
1950 Brazil Ademir 8
16%
1962 Chile Leonel Sanchez 4
16%
1934 Czechoslovakia Oldřich Nejedlý 5
16%
1962 Soviet Union Valentin Ivanov 4
11%
1962 Yugoslavia Dražan Jerković 4
8%
No matching quizzes found
Score Distribution
Percent of People with Each Score
Percentile by Number Answered
Your Score History
You have not taken this quiz since the last reset